Estatísticas para Califórnia

Clique aqui para jogar o quiz

Estatísticas Gerais

  • Esse quiz foi jogado 15 vezes
  • A pontuação média é 4 de 15

Estatísticas das Respostas

Resposta% Correto
Jennifer Aniston
79%
Píer de Santa Mónica
79%
Disneyland
43%
Golden Gate Bridge
43%
Vale do Silício
43%
Hippie
36%
Observatório
29%
Yosemite
7%
Death Valley
0%
Jerry Brown
0%
Lombard Street
0%
Mount Whitney
0%
Rose Bowl
0%
State Route 1
0%
Valley
0%

Distribuição das Pontuações

Percentil de Números Respondidos

Porcentagem de Pessoas com Cada Pontuação

Sua Pontuação Histórica

Você não jogou esse quiz